[Event "Titled Tuesday intern op 23rd Jul Early"]
[Site "Chess.com INT"]
[Date "2024.07.23"]
[Round "2"]
[White "Portero Rubio, Martin"]
[Black "Zhukov, Maksim"]
[Result "0-1"]
[WhiteElo "2229"]
[BlackElo "1901"]
[PlyCount "72"]
[EventDate "2024.07.23"]
[EventType "swiss (blitz)"]
[EventRounds "11"]
[EventCountry "USA"]
[SourceTitle "EXT 2025"]
[Source "ChessBase"]
[SourceDate "2024.10.14"]
[SourceVersion "1"]
[SourceVersionDate "2024.10.14"]
[SourceQuality "1"]

1. e4 c6 2. Nf3 d5 3. d3 dxe4 4. dxe4 Qxd1+ 5. Kxd1 g6 6. Ne5 Bg7 7. Nd3 f5 8. e5 Na6 9. f4 Nh6 10. Be2 Be6 11. Bf3 0-0-0 12. Ke2 Bc4 13. b3 Bxd3+ 14. cxd3 Nc5 15. Rd1 Ne6 16. Be3 Nd4+ 17. Bxd4 Rxd4 18. g3 g5 19. Ke3 Rhd8 20. Na3 Nf7 21. Nc2 R4d7 22. d4 e6 23. Rac1 Kb8 24. Nb4 Bh6 25. Bxc6 bxc6 26. Nxc6+ Kb7 27. Nxd8+ Rxd8 28. Rc5 gxf4+ 29. gxf4 Nh8 30. Rdc1 Ng6 31. Rf1 Ne7 32. Rb5+ Ka8 33. Rc1 Nd5+ 34. Kf3 Bxf4 35. Rc6 Bh6 36. Rxe6 Bf8 0-1

[Event "Titled Tuesday intern op 23rd Jul Late"]
[Site "Chess.com INT"]
[Date "2024.07.23"]
[Round "10"]
[White "Slusarczyk, Anna"]
[Black "Zhukov, Maksim"]
[Result "1/2-1/2"]
[WhiteElo "1953"]
[BlackElo "1901"]
[PlyCount "203"]
[EventDate "2024.07.23"]
[EventType "swiss (blitz)"]
[EventRounds "11"]
[EventCountry "USA"]
[SourceTitle "EXT 2025"]
[Source "ChessBase"]
[SourceDate "2024.10.14"]
[SourceVersion "1"]
[SourceVersionDate "2024.10.14"]
[SourceQuality "1"]

1. e4 c5 2. Nf3 e6 3. d4 cxd4 4. Nxd4 a6 5. Bd3 b5 6. 0-0 Bb7 7. a3 d6 8. Nc3 Nd7 9. Be3 Ngf6 10. f4 Nc5 11. e5 Nd5 12. Nxd5 Bxd5 13. Be2 Be7 14. b4 Na4 15. Qd2 Rc8 16. exd6 Qxd6 17. f5 e5 18. Nb3 Be4 19. Qxd6 Bxd6 20. f6 0-0 21. fxg7 Kxg7 22. Rac1 Rxc2 23. Rxc2 Bxc2 24. Na5 f5 25. Rc1 Be4 26. Rd1 Be7 27. Rd7 Kf6 28. Bd1 Rd8 29. Rxd8 Bxd8 30. Bxa4 Bxa5 31. Bxb5 Bxb4 32. axb4 axb5 33. Bc5 f4 34. Kf2 Kf5 35. g3 Kg4 36. Bd6 Kf5 37. gxf4 exf4 38. Bc7 Bc6 39. Bd6 h5 40. Be7 Kg4 41. h4 Kf5 42. Ke2 Ke6 43. Bc5 Kd5 44. Kf3 Ke5+ 45. Kf2 Ke6 46. Bf8 Kf6 47. Bc5 Ke5 48. Be7 Kf5 49. Bc5 Be4 50. Be7 Kg4 51. Bg5 Kf5 52. Be7 Bd5 53. Bg5 Ke4 54. Be7 Kd4 55. Bc5+ Kc4 56. Be7 Kd3 57. Bc5 f3 58. Be7 Ke4 59. Bc5 Bc4 60. Be7 Be2 61. Bc5 Kf4 62. Be7 Ke5 63. Bc5 Kd5 64. Be7 Ke6 65. Bc5 Kf5 66. Be7 Kg4 67. Bg5 Kh3 68. Be7 Kg4 69. Bg5 Kf5 70. Be7 Ke4 71. Bc5 Bc4 72. Be7 Bd5 73. Bc5 Kf5 74. Be7 Ke5 75. Bc5 Ke6 76. Ke3 Kf5 77. Kf2 Ke4 78. Be7 Ke5 79. Bc5 Ke6 80. Ke3 Bc6 81. Kf2 Kf6 82. Ke3 Kf5 83. Be7 Kg4 84. Kf2 Kf4 85. Bg5+ Ke4 86. Be7 Kd3 87. Bc5 Kc3 88. Be7 Kc4 89. Bc5 Kd5 90. Be7 Ke4 91. Bc5 Ke5 92. Be7 Kd5 93. Bc5 Ke6 94. Ke3 Kd5 95. Kxf3 Kc4+ 96. Kf4 Bd7 97. Be7 Bg4 98. Bc5 Kd5 99. Kg5 Kc4 100. Kf4 Kd5 101. Kg5 Kc4 102. Kf4 1/2-1/2

[Event "Titled Tuesday intern op 23rd Jul Late"]
[Site "Chess.com INT"]
[Date "2024.07.23"]
[Round "6"]
[White "Zhukov, Maksim"]
[Black "Clawitter, Craig"]
[Result "1-0"]
[WhiteElo "1901"]
[BlackElo "2050"]
[PlyCount "93"]
[EventDate "2024.07.23"]
[EventType "swiss (blitz)"]
[EventRounds "11"]
[EventCountry "USA"]
[SourceTitle "EXT 2025"]
[Source "ChessBase"]
[SourceDate "2024.10.14"]
[SourceVersion "1"]
[SourceVersionDate "2024.10.14"]
[SourceQuality "1"]

1. e4 e6 2. d4 d5 3. Nd2 Be7 4. Ngf3 Nf6 5. e5 Nfd7 6. c3 c5 7. Bd3 Nc6 8. 0-0 a5 9. h3 cxd4 10. cxd4 Qb6 11. Qa4 Qb4 12. Qxb4 axb4 13. Nb3 Na5 14. Nxa5 Rxa5 15. Bd2 Ra8 16. Rfc1 Kd8 17. Ng5 Bxg5 18. Bxg5+ f6 19. exf6 gxf6 20. Bd2 b3 21. axb3 Rxa1 22. Rxa1 e5 23. dxe5 Nxe5 24. Ba5+ Ke7 25. Bb4+ Ke6 26. Be2 Rg8 27. f4 Nc6 28. Bc3 Kf7 29. Bf3 d4 30. Bxc6 bxc6 31. Ra7+ Ke6 32. Bxd4 Kd5 33. Bxf6 Bxh3 34. Bg5 h6 35. Ra5+ Ke4 36. gxh3 hxg5 37. fxg5 Kf3 38. Kh2 Kf4 39. h4 Kg4 40. Ra4+ Kf3 41. Kh3 Rd8 42. Ra5 Kf4 43. g6 Rd3+ 44. Kh2 Rd2+ 45. Kg1 Kg3 46. Rg5+ Kxh4 47. g7 1-0

[Event "Titled Tuesday intern op 23rd Jul Early"]
[Site "Chess.com INT"]
[Date "2024.07.23"]
[Round "6"]
[White "Zhukov, Maksim"]
[Black "Daroczi, Donat"]
[Result "1-0"]
[WhiteElo "1901"]
[BlackElo "2162"]
[PlyCount "143"]
[EventDate "2024.07.23"]
[EventType "swiss (blitz)"]
[EventRounds "11"]
[EventCountry "USA"]
[SourceTitle "EXT 2025"]
[Source "ChessBase"]
[SourceDate "2024.10.14"]
[SourceVersion "1"]
[SourceVersionDate "2024.10.14"]
[SourceQuality "1"]

1. d4 d6 2. Nf3 g6 3. g3 Bg7 4. Bg2 Nf6 5. 0-0 0-0 6. c4 Nbd7 7. Qc2 c6 8. Rd1 Qc7 9. Nc3 e5 10. e4 Rd8 11. h3 a6 12. Be3 Nf8 13. Rd2 Be6 14. b3 b5 15. c5 exd4 16. Bxd4 dxc5 17. Bxc5 Nxe4 18. Qxe4 Rxd2 19. Nxd2 Bxc3 20. Rd1 Rd8 21. Qc2 b4 22. Ne4 Bf5 23. g4 Bxe4 24. Bxe4 Ne6 25. Be3 Rxd1+ 26. Qxd1 c5 27. Qd3 Qe5 28. Bd5 Nd4 29. Qc4 Ne6 30. Bxe6 fxe6 31. Qxa6 Qe4 32. Qc8+ Kg7 33. Qxc5 Qb1+ 34. Kg2 Qxa2 35. Qe7+ Kg8 36. Qxe6+ Kf8 37. Bh6+ Bg7 38. Qf6+ Ke8 39. Bxg7 Qxb3 40. Qf8+ Kd7 41. Qf3 Qc4 42. Be5 b3 43. Qb7+ Ke6 44. Bg7 Qc2 45. Qb6+ Kf7 46. Qb7+ Ke6 47. Bh8 h5 48. Bg7 hxg4 49. hxg4 Qc4 50. Qf3 Qc2 51. Qc3 Qd1 52. Qf3 Qc2 53. Qe3+ Kf7 54. Be5 Qc6+ 55. Qf3+ Qxf3+ 56. Kxf3 Ke6 57. Bb2 Kd5 58. Kf4 Kc4 59. Kg5 Kd3 60. Kxg6 Ke4 61. Bf6 Kf3 62. g5 Kxf2 63. Kf7 Kf3 64. g6 b2 65. Bxb2 Kg4 66. g7 Kh5 67. g8Q Kh4 68. Kf6 Kh3 69. Kf5 Kh2 70. Kf4 Kh1 71. Kf3 Kh2 72. Qg2# 1-0

[Event "Titled Tuesday intern op 23rd Jul Late"]
[Site "Chess.com INT"]
[Date "2024.07.23"]
[Round "5"]
[White "Zhukov, Maksim"]
[Black "Fernandez Sanchez, Mario Andres"]
[Result "1-0"]
[WhiteElo "1901"]
[BlackElo "2002"]
[PlyCount "59"]
[EventDate "2024.07.23"]
[EventType "swiss (blitz)"]
[EventRounds "11"]
[EventCountry "USA"]
[SourceTitle "EXT 2025"]
[Source "ChessBase"]
[SourceDate "2024.10.14"]
[SourceVersion "1"]
[SourceVersionDate "2024.10.14"]
[SourceQuality "1"]

1. e4 c6 2. Nf3 d5 3. d3 Bg4 4. h3 Bxf3 5. Qxf3 e6 6. Nc3 Nf6 7. Qg3 a5 8. Be2 Bd6 9. e5 Bxe5 10. Qxe5 Nbd7 11. Qg3 Qb6 12. 0-0 a4 13. a3 0-0-0 14. Nxa4 Qa5 15. Nc3 h6 16. d4 g5 17. b4 Qb6 18. Na4 Qxd4 19. Bb2 Qa7 20. Nc5 Nxc5 21. Bxf6 Ne4 22. Qe5 Nxf6 23. Qxf6 b6 24. c4 Qc7 25. cxd5 exd5 26. Rac1 Kb7 27. Bb5 c5 28. bxc5 bxc5 29. Qa6+ Kb8 30. Rb1 1-0

[Event "Titled Tuesday intern op 23rd Jul Late"]
[Site "Chess.com INT"]
[Date "2024.07.23"]
[Round "11"]
[White "Zhukov, Maksim"]
[Black "Gerbelli Neto, Eduardo"]
[Result "1/2-1/2"]
[WhiteElo "1901"]
[BlackElo "2114"]
[PlyCount "132"]
[EventDate "2024.07.23"]
[EventType "swiss (blitz)"]
[EventRounds "11"]
[EventCountry "USA"]
[SourceTitle "EXT 2025"]
[Source "ChessBase"]
[SourceDate "2024.10.14"]
[SourceVersion "1"]
[SourceVersionDate "2024.10.14"]
[SourceQuality "1"]

1. e4 e5 2. Nf3 Nc6 3. d4 exd4 4. Bc4 Nf6 5. 0-0 Nxe4 6. Re1 d5 7. Bxd5 Qxd5 8. Nc3 Qa5 9. Nxe4 Be6 10. Neg5 0-0-0 11. Nxe6 fxe6 12. Rxe6 Qd5 13. Qe2 h6 14. Bd2 Bd6 15. Re1 Rhf8 16. a3 d3 17. Qxd3 Qxd3 18. cxd3 Rxf3 19. gxf3 Nd4 20. Kg2 Nxe6 21. Rxe6 Kd7 22. Rg6 Bf8 23. Bc3 Ke8 24. d4 Kf7 25. Rg4 Bd6 26. h4 g6 27. Re4 c6 28. Bd2 h5 29. Bg5 Rd7 30. Re3 Bf8 31. Rb3 Ke6 32. Re3+ Kd5 33. Re8 Bd6 34. Rg8 Kxd4 35. Rxg6 Kd3 36. Bf6 Rh7 37. Bg5 Bc5 38. b4 Bb6 39. f4 Bd4 40. f5 Ke4 41. f6 Kf5 42. Rg8 Rf7 43. Rh8 Bxf6 44. Bxf6 Kxf6 45. Rxh5 Rd7 46. Rg5 Rd3 47. Rg3 Rd4 48. h5 Rh4 49. Rh3 Rxh3 50. Kxh3 Kg5 51. Kg3 Kxh5 52. Kf4 b6 53. Ke5 Kg4 54. Kd6 c5 55. bxc5 bxc5 56. Kxc5 Kf3 57. Kb5 Kxf2 58. Ka6 Ke3 59. Kxa7 Kd4 60. a4 Kc5 61. a5 Kc6 62. a6 Kc7 63. Ka8 Kc8 64. Ka7 Kc7 65. Ka8 Kc8 66. a7 Kc7 1/2-1/2

[Event "Titled Tuesday intern op 27th Feb Early"]
[Site "Chess.com INT"]
[Date "2024.02.27"]
[Round "4"]
[White "Tabuenca Mendataurigoitia, Daniel"]
[Black "Zhukov, Maksim"]
[Result "1-0"]
[WhiteElo "2344"]
[BlackElo "1835"]
[PlyCount "75"]
[EventDate "2024.02.27"]
[EventType "swiss (blitz)"]
[EventRounds "11"]
[EventCountry "USA"]
[SourceTitle "EXT 2025"]
[Source "ChessBase"]
[SourceDate "2024.10.14"]
[SourceVersion "1"]
[SourceVersionDate "2024.10.14"]
[SourceQuality "1"]

1. Nf3 Nf6 2. g3 b5 3. Bg2 Bb7 4. 0-0 e6 5. d3 Be7 6. e4 d6 7. Re1 Nbd7 8. Nbd2 c5 9. Nf1 a5 10. h4 a4 11. Bf4 h6 12. N1h2 0-0 13. Qe2 Qb6 14. Qd2 Kh7 15. g4 Rg8 16. g5 Nh5 17. Bh3 Raf8 18. Bg4 Nxf4 19. Qxf4 Qd8 20. Kh1 Ne5 21. Rg1 Nxg4 22. Qxg4 d5 23. Rae1 dxe4 24. dxe4 f5 25. gxf6 Rxf6 26. Ne5 Rxf2 27. Qg6+ Kh8 28. Nhg4 Qb8 29. Nxf2 Qxe5 30. Ng4 Qf4 31. Rgf1 Qg3 32. Re2 Qh3+ 33. Kg1 Bxh4 34. Rh2 Qg3+ 35. Rg2 Qh3 36. Ne5 Qe3+ 37. Kh2 Rf8 38. Rxf8# 1-0

[Event "Titled Tuesday intern op 30th Jan Late"]
[Site "Chess.com INT"]
[Date "2024.01.30"]
[Round "2"]
[White "Rustemov, Alexander"]
[Black "Zhukov, Maksim"]
[Result "1-0"]
[WhiteElo "2525"]
[BlackElo "1835"]
[PlyCount "63"]
[EventDate "2024.01.30"]
[EventType "swiss (blitz)"]
[EventRounds "11"]
[EventCountry "USA"]
[SourceTitle "EXT 2025"]
[Source "ChessBase"]
[SourceDate "2024.10.14"]
[SourceVersion "1"]
[SourceVersionDate "2024.10.14"]
[SourceQuality "1"]

1. d4 Nf6 2. c4 e6 3. Nf3 d5 4. Nc3 Nbd7 5. Bg5 c6 6. e3 Be7 7. Qc2 Nh5 8. Bxe7 Qxe7 9. Be2 g6 10. 0-0 0-0 11. Rac1 Ng7 12. Rfd1 Re8 13. a3 a5 14. h3 Nf5 15. Bd3 Nh4 16. Nxh4 Qxh4 17. e4 dxc4 18. Bxc4 e5 19. d5 Nf6 20. dxc6 bxc6 21. Rd6 Nh5 22. Ne2 Bxh3 23. gxh3 Qxh3 24. Qb3 Qg4+ 25. Ng3 Nf4 26. Bxf7+ Kh8 27. Bxe8 Ne2+ 28. Kf1 Nxc1 29. Qf7 Rxe8 30. Qxe8+ Kg7 31. Qd7+ Qxd7 32. Rxd7+ 1-0

[Event "Titled Tuesday intern op 30th Jan Early"]
[Site "Chess.com INT"]
[Date "2024.01.30"]
[Round "5"]
[White "Zhukov, Maksim"]
[Black "Fernandez Hernandez, Gerardo"]
[Result "1/2-1/2"]
[WhiteElo "1835"]
[BlackElo "2181"]
[PlyCount "158"]
[EventDate "2024.01.30"]
[EventType "swiss (blitz)"]
[EventRounds "11"]
[EventCountry "USA"]
[SourceTitle "EXT 2025"]
[Source "ChessBase"]
[SourceDate "2024.10.14"]
[SourceVersion "1"]
[SourceVersionDate "2024.10.14"]
[SourceQuality "1"]

1. e4 e6 2. d4 d5 3. Nd2 Nc6 4. Ngf3 Nf6 5. e5 Nd7 6. c3 f6 7. exf6 Qxf6 8. Bd3 Bd6 9. h3 e5 10. dxe5 Ndxe5 11. Nxe5 Nxe5 12. Nf3 Nxf3+ 13. Qxf3 Qxf3 14. gxf3 0-0 15. Ke2 Bd7 16. Be3 c5 17. Rag1 Rae8 18. Kd2 Rxf3 19. h4 Bf4 20. Rg2 Rxf2+ 21. Rxf2 Bxe3+ 22. Ke1 Bxf2+ 23. Kxf2 Rf8+ 24. Ke3 Bf5 25. Be2 Be4 26. Rd1 Re8 27. Kf2 Re7 28. h5 g5 29. hxg6 hxg6 30. Bg4 Kg7 31. Kg3 g5 32. a4 b6 33. a5 Kg6 34. axb6 axb6 35. Ra1 Rf7 36. Ra6 Rf6 37. Ra7 Rd6 38. Bd7 d4 39. cxd4 cxd4 40. Be8+ Kh6 41. Re7 Bg6 42. Ba4 d3 43. Re1 d2 44. Rh1+ Kg7 45. Bd1 Be4 46. Rf1 Kg6 47. Rf2 Bf5 48. Rf3 Rd3 49. Rxd3 Bxd3 50. Kf2 Kf5 51. Ke3 Be4 52. Kxd2 Kf4 53. Ke1 Ke3 54. Kf1 Bf3 55. Ba4 g4 56. Kg1 g3 57. Bd7 Kd2 58. b4 Kc3 59. b5 Be2 60. Kg2 Kb4 61. Kxg3 Bxb5 62. Bf5 Bc4 63. Kf2 Kc3 64. Ke1 Bb3 65. Bd7 Bc2 66. Bc6 Bd3 67. Kd1 Bc4 68. Kc1 Kb4 69. Kb2 Bb5 70. Bxb5 Kxb5 71. Kb3 Kc5 72. Kc3 b5 73. Kb3 b4 74. Kb2 Kc4 75. Kc2 b3+ 76. Kb2 Kb4 77. Kb1 Kc3 78. Kc1 b2+ 79. Kb1 Kb3 1/2-1/2

[Event "Titled Tuesday intern op 30th Jan Early"]
[Site "Chess.com INT"]
[Date "2024.01.30"]
[Round "1"]
[White "Zhukov, Maksim"]
[Black "Hayrapetyan, Hovik"]
[Result "1-0"]
[WhiteElo "1835"]
[BlackElo "2427"]
[PlyCount "79"]
[EventDate "2024.01.30"]
[EventType "swiss (blitz)"]
[EventRounds "11"]
[EventCountry "USA"]
[SourceTitle "EXT 2025"]
[Source "ChessBase"]
[SourceDate "2024.10.14"]
[SourceVersion "1"]
[SourceVersionDate "2024.10.14"]
[SourceQuality "1"]

1. e4 c5 2. Nf3 d6 3. d4 cxd4 4. Nxd4 Nf6 5. f3 e5 6. Nb3 d5 7. Bg5 d4 8. c3 Nc6 9. cxd4 exd4 10. Bb5 Bb4+ 11. Bd2 Be7 12. 0-0 0-0 13. Kh1 a6 14. Bxc6 bxc6 15. Ba5 Qe8 16. Qxd4 c5 17. Qf2 c4 18. Nd4 Bc5 19. Bc3 Qd8 20. Na3 Bxa3 21. bxa3 Qc7 22. Rfd1 Bd7 23. g3 Rac8 24. Kg2 Rfe8 25. Re1 h5 26. Rad1 Ba4 27. Rd2 Bd7 28. Rde2 Nh7 29. h4 Nf8 30. Qe3 Ne6 31. Nf5 Qc5 32. Qxc5 Rxc5 33. Rd2 Bb5 34. Red1 Ba4 35. Rb1 g6 36. Nd6 Rd8 37. Rb6 Bb5 38. Bf6 Rc6 39. Rxc6 Rd7 40. Rc8+ 1-0

[Event "Titled Tuesday intern op 30th Jan Early"]
[Site "Chess.com INT"]
[Date "2024.01.30"]
[Round "9"]
[White "Zhukov, Maksim"]
[Black "Novikova, Margarita"]
[Result "1-0"]
[WhiteElo "1835"]
[BlackElo "1999"]
[PlyCount "49"]
[EventDate "2024.01.30"]
[EventType "swiss (blitz)"]
[EventRounds "11"]
[EventCountry "USA"]
[SourceTitle "EXT 2025"]
[Source "ChessBase"]
[SourceDate "2024.10.14"]
[SourceVersion "1"]
[SourceVersionDate "2024.10.14"]
[SourceQuality "1"]

1. e4 d5 2. exd5 Qxd5 3. Nf3 Nf6 4. Be2 Bf5 5. d4 e6 6. c3 c5 7. 0-0 Nc6 8. dxc5 Bxc5 9. Qxd5 Nxd5 10. Bb5 Nde7 11. Nbd2 0-0 12. Nb3 Bb6 13. Re1 Rad8 14. Bxc6 Nxc6 15. Be3 Bc7 16. Nfd4 Nxd4 17. Nxd4 Bd3 18. Rad1 Ba6 19. g3 b6 20. Nc6 Rxd1 21. Rxd1 Bc4 22. b3 Bd5 23. Ne7+ Kh8 24. Nxd5 e5 25. Nxc7 1-0

[Event "Titled Tuesday intern op 23rd Jan Early"]
[Site "Chess.com INT"]
[Date "2024.01.23"]
[Round "4"]
[White "Ambartsumova, Karina"]
[Black "Zhukov, Maksim"]
[Result "1-0"]
[WhiteElo "2418"]
[BlackElo "1835"]
[PlyCount "127"]
[EventDate "2024.01.23"]
[EventType "swiss (blitz)"]
[EventRounds "11"]
[EventCountry "USA"]
[SourceTitle "EXT 2025"]
[Source "ChessBase"]
[SourceDate "2024.10.14"]
[SourceVersion "1"]
[SourceVersionDate "2024.10.14"]
[SourceQuality "1"]

1. d4 Nf6 2. c4 e6 3. Nc3 Bb4 4. a3 Be7 5. e4 d5 6. e5 Nfd7 7. cxd5 exd5 8. Nxd5 0-0 9. Nf3 Re8 10. Bc4 b5 11. Nxe7+ Rxe7 12. Bxb5 Bb7 13. 0-0 f6 14. Bc4+ Kh8 15. exf6 Nxf6 16. Ne5 Qe8 17. Bg5 Nbd7 18. f4 Rd8 19. Qb3 Nxe5 20. dxe5 Qc6 21. Rf2 Ne4 22. Bxe7 Nxf2 23. Qf3 Qxf3 24. gxf3 Rd2 25. Bc5 Nh3+ 26. Kf1 Bxf3 27. e6 Rxh2 28. Ke1 Nxf4 29. e7 Bh5 30. Rc1 Rh1+ 31. Kd2 Rh2+ 32. Kc3 Ne2+ 33. Bxe2 Rxe2 34. Rf1 g6 35. Rf8+ Kg7 36. Rc8 g5 37. Rxc7 Kh6 38. Rc6+ Bg6 39. Rc7 Kh5 40. Bxa7 g4 41. Bc5 g3 42. a4 g2 43. a5 Rc2+ 44. Kb4 Rxc5 45. Rxc5+ Kg4 46. Rc1 Kf3 47. a6 Kf2 48. a7 g1Q 49. Rxg1 Kxg1 50. a8Q h5 51. e8Q Bxe8 52. Qxe8 h4 53. Qh5 h3 54. Qxh3 Kf2 55. Qc3 Kg1 56. Kc4 Kf1 57. b4 Kg1 58. b5 Kh2 59. Qf3 Kg1 60. Qe2 Kh1 61. Kd3 Kg1 62. Ke3 Kh1 63. Kf3 Kg1 64. Qg2# 1-0

[Event "Titled Tuesday intern op 23rd Jan Early"]
[Site "Chess.com INT"]
[Date "2024.01.23"]
[Round "5"]
[White "Zhukov, Maksim"]
[Black "Manukyan, Sargis A"]
[Result "1-0"]
[WhiteElo "1835"]
[BlackElo "2216"]
[PlyCount "181"]
[EventDate "2024.01.23"]
[EventType "swiss (blitz)"]
[EventRounds "11"]
[EventCountry "USA"]
[SourceTitle "EXT 2025"]
[Source "ChessBase"]
[SourceDate "2024.10.14"]
[SourceVersion "1"]
[SourceVersionDate "2024.10.14"]
[SourceQuality "1"]

1. e4 c5 2. Nf3 d6 3. Bb5+ Bd7 4. Bxd7+ Qxd7 5. c4 Nc6 6. Nc3 Nf6 7. 0-0 g6 8. d4 cxd4 9. Nxd4 Bg7 10. Be3 0-0 11. f3 e6 12. Qd2 Rfd8 13. Rfd1 d5 14. cxd5 exd5 15. exd5 Nxd5 16. Nxc6 bxc6 17. Nxd5 Qxd5 18. Qxd5 Rxd5 19. Rxd5 cxd5 20. Rd1 d4 21. Bf2 Rc8 22. h3 h5 23. Rd2 Rc1+ 24. Kh2 Be5+ 25. g3 h4 26. f4 Bf6 27. gxh4 a5 28. Bxd4 Bxd4 29. Rxd4 Rc2+ 30. Kg3 Rxb2 31. Ra4 Rb5 32. Kg4 Kg7 33. Rc4 Kh6 34. Ra4 Rc5 35. Ra3 Rd5 36. Ra4 f5+ 37. Kg3 Kh5 38. Ra3 Rc5 39. Rd3 Rc2 40. Ra3 Rc5 41. Rd3 a4 42. Ra3 Rc4 43. Rd3 Re4 44. Ra3 Rd4 45. Rc3 Kh6 46. Re3 Kg7 47. Ra3 Kf6 48. Rc3 Rb4 49. Ra3 Rc4 50. Rd3 Ke6 51. h5 gxh5 52. Kh4 Rxf4+ 53. Kxh5 Rf2 54. Ra3 Rf4 55. Kg5 Re4 56. Rf3 Re5 57. Rf4 Re1 58. Rxa4 Rg1+ 59. Kf4 Rf1+ 60. Kg3 Rg1+ 61. Kf2 Rh1 62. h4 Rh3 63. Kg2 Rc3 64. h5 Kf6 65. h6 Rc7 66. Ra6+ Kg5 67. Kf3 Rc3+ 68. Kf2 Rh3 69. a4 Kg4 70. Rg6+ Kf4 71. a5 Rh2+ 72. Ke1 Kf3 73. a6 f4 74. a7 Rh1+ 75. Kd2 Ra1 76. h7 Ra2+ 77. Kc3 Ra3+ 78. Kb4 Rxa7 79. h8Q Re7 80. Qh3+ Ke4 81. Re6+ Rxe6 82. Qxe6+ Kd3 83. Qf5+ Ke3 84. Qe5+ Kf3 85. Kc3 Kg3 86. Kd3 Kg4 87. Ke4 f3 88. Qf4+ Kh3 89. Qxf3+ Kh2 90. Qg4 Kh1 91. Kf3 1-0

[Event "Titled Tuesday intern op 09th Jan Late"]
[Site "Chess.com INT"]
[Date "2024.01.09"]
[Round "5"]
[White "Quirke, Jeffrey"]
[Black "Zhukov, Maksim"]
[Result "1-0"]
[WhiteElo "1986"]
[BlackElo "1835"]
[PlyCount "109"]
[EventDate "2024.01.09"]
[EventType "swiss (blitz)"]
[EventRounds "11"]
[EventCountry "USA"]
[SourceTitle "EXT 2025"]
[Source "ChessBase"]
[SourceDate "2024.10.14"]
[SourceVersion "1"]
[SourceVersionDate "2024.10.14"]
[SourceQuality "1"]

1. e4 c5 2. c3 e6 3. d4 cxd4 4. cxd4 a6 5. Nf3 b5 6. d5 Bb7 7. a4 b4 8. Bc4 Nf6 9. Nbd2 exd5 10. exd5 Bxd5 11. 0-0 Be7 12. Bxd5 Nxd5 13. Ne4 Nc7 14. Nd6+ Bxd6 15. Qxd6 Ne6 16. Re1 Qe7 17. Qd5 Nc6 18. Bg5 f6 19. Bf4 Kf7 20. Bd6 Qd8 21. Rac1 Qa5 22. Rc5 Qb6 23. a5 Qb7 24. Nd4 Rhe8 25. Nxe6 Rxe6 26. Rxe6 dxe6 27. Qxc6 Qxc6 28. Rxc6 Rd8 29. Rxa6 e5 30. g3 b3 31. Rb6 Ke6 32. Bb4+ Kf5 33. Bc3 Ke4 34. Kg2 f5 35. Rb4+ Kd3 36. Rxb3 Kc2 37. Rb7 e4 38. Rxg7 Kd1 39. Rf7 Rd5 40. Rxh7 Ke2 41. a6 Rd6 42. a7 f4 43. gxf4 Rg6+ 44. Kh3 e3 45. a8Q Kxf2 46. Re7 e2 47. Rxe2+ Kxe2 48. Qg2+ Ke3 49. Qxg6 Kf3 50. f5 Kf4 51. f6 Ke3 52. f7 Ke2 53. f8Q Kd1 54. Qf2 Kc1 55. Qgg1# 1-0

[Event "Titled Tuesday intern op 09th Jan Late"]
[Site "Chess.com INT"]
[Date "2024.01.09"]
[Round "8"]
[White "Zhukov, Maksim"]
[Black "Balla, Tamas Kristof"]
[Result "1-0"]
[WhiteElo "1835"]
[BlackElo "2283"]
[PlyCount "59"]
[EventDate "2024.01.09"]
[EventType "swiss (blitz)"]
[EventRounds "11"]
[EventCountry "USA"]
[SourceTitle "EXT 2025"]
[Source "ChessBase"]
[SourceDate "2024.10.14"]
[SourceVersion "1"]
[SourceVersionDate "2024.10.14"]
[SourceQuality "1"]

1. e4 c5 2. Nf3 Nc6 3. Bb5 Nf6 4. e5 Nd5 5. Nc3 Nc7 6. Bxc6 dxc6 7. Ne4 Ne6 8. 0-0 g6 9. c3 Bg7 10. d4 cxd4 11. cxd4 0-0 12. Be3 b6 13. Qc2 Bb7 14. Rfd1 Rc8 15. Rac1 Qc7 16. h3 Rfd8 17. Qb3 Qb8 18. Neg5 Nxg5 19. Nxg5 e6 20. Ne4 c5 21. Nd6 Rc7 22. dxc5 Bxe5 23. Nxb7 Rxd1+ 24. Rxd1 Qxb7 25. cxb6 axb6 26. Rd8+ Kg7 27. Qb4 Qc6 28. g4 Kf6 29. g5+ Kf5 30. Qg4# 1-0

[Event "Titled Tuesday intern op 26th Dec Late"]
[Site "Chess.com INT"]
[Date "2023.12.26"]
[Round "7"]
[White "Veloso, Henrique Barbosa"]
[Black "Zhukov, Maksim"]
[Result "1-0"]
[WhiteElo "2029"]
[BlackElo "1835"]
[PlyCount "125"]
[EventDate "2023.12.26"]
[EventType "swiss (blitz)"]
[EventRounds "11"]
[EventCountry "USA"]
[SourceTitle "EXT 2025"]
[Source "ChessBase"]
[SourceDate "2024.10.14"]
[SourceVersion "1"]
[SourceVersionDate "2024.10.14"]
[SourceQuality "1"]

1. d4 Nf6 2. c4 e6 3. Nf3 d5 4. Nc3 Nbd7 5. Bg5 c6 6. e3 Be7 7. Rc1 Ne4 8. Bxe7 Qxe7 9. Qc2 Ndf6 10. Bd3 Nxc3 11. Qxc3 dxc4 12. Bxc4 0-0 13. 0-0 c5 14. Rfd1 cxd4 15. Qxd4 b6 16. Bb5 Bb7 17. Ne5 Rfd8 18. Qh4 Rxd1+ 19. Rxd1 Rd8 20. Rxd8+ Qxd8 21. Nd7 a6 22. Nxf6+ Qxf6 23. Qxf6 gxf6 24. Bd3 f5 25. f3 Kf8 26. Kf2 Ke7 27. g4 fxg4 28. fxg4 h6 29. Kg3 f6 30. Kh4 Bf3 31. Bxa6 Kd6 32. h3 f5 33. gxf5 exf5 34. Kg3 Bd5 35. a3 Ke5 36. Bd3 Bb3 37. h4 Bd1 38. Bb1 Bb3 39. Bd3 Bd5 40. Bc2 Bc6 41. Bd3 Bd5 42. Bc2 b5 43. Bd3 Bc6 44. b3 Be8 45. Kf3 Bc6+ 46. Kg3 Bd7 47. Be2 Be8 48. Kf2 Ke4 49. Bf1 Ke5 50. Ke2 Bf7 51. Kd2 Be8 52. Bd3 Bc6 53. Kc3 f4 54. exf4+ Kxf4 55. Kb4 Kg3 56. Bxb5 Be4 57. Kc5 Kxh4 58. Bc6 Bxc6 59. Kxc6 Kg3 60. b4 h5 61. b5 h4 62. b6 h3 63. b7 1-0

[Event "Titled Tuesday intern op 26th Dec Late"]
[Site "Chess.com INT"]
[Date "2023.12.26"]
[Round "10"]
[White "Zhukov, Maksim"]
[Black "Desideri, Ricardo Maruchi"]
[Result "1-0"]
[WhiteElo "1835"]
[BlackElo "1959"]
[PlyCount "69"]
[EventDate "2023.12.26"]
[EventType "swiss (blitz)"]
[EventRounds "11"]
[EventCountry "USA"]
[SourceTitle "EXT 2025"]
[Source "ChessBase"]
[SourceDate "2024.10.14"]
[SourceVersion "1"]
[SourceVersionDate "2024.10.14"]
[SourceQuality "1"]

1. e4 c5 2. Nf3 d6 3. d4 cxd4 4. Nxd4 Nf6 5. f3 a6 6. c4 e6 7. Nc3 b6 8. Be3 Be7 9. Be2 Bb7 10. 0-0 Nbd7 11. Qd2 Rc8 12. Rac1 0-0 13. Rfd1 Qc7 14. Bf1 Qb8 15. Qf2 Bd8 16. Kh1 Bc7 17. Qg1 Ne5 18. b4 Bd8 19. Na4 Ba8 20. Nb3 Ned7 21. c5 bxc5 22. bxc5 dxc5 23. Naxc5 Nxc5 24. Bxc5 Re8 25. Bxa6 Rc6 26. Be2 Nh5 27. Nd4 Rc8 28. Bb5 Rxc5 29. Bxe8 Bb6 30. Ba4 Nf4 31. Rxc5 Bxc5 32. Nc6 Qb6 33. Qxc5 Qxc5 34. Rd8+ Qf8 35. Ne7+ 1-0